[Event "RUS Cup Qualifier 4"]
[Site "chessassistantclub.com INT"]
[Date "2004.11.25"]
[Round "?"]
[White "Hasangatin, Ramil"]
[Black "Kharlov, Andrei"]
[Result "1-0"]
[WhiteElo "2501"]
[BlackElo "2591"]
[PlyCount "167"]
[EventDate "2004.11.25"]
[EventType "swiss (blitz)"]
[EventRounds "13"]
[EventCountry "RUS"]
[SourceTitle "CBM 103 ext"]
[Source "ChessBase"]
[SourceDate "2005.01.01"]
[SourceVersion "1"]
[SourceVersionDate "2005.01.01"]
[SourceQuality "1"]

1. c4 e5 2. Nc3 Nf6 3. e3 Nc6 4. a3 d5 5. cxd5 Nxd5 6. Qc2 Be7 7. Nf3 O-O 8.
Bb5 Nxc3 9. bxc3 Bd6 10. d4 exd4 11. cxd4 Ne7 12. O-O Bg4 13. Be2 Rc8 14. h3
Bh5 15. Rd1 Bg6 16. Bd3 c5 17. Bxg6 hxg6 18. d5 Nxd5 19. Rxd5 Bh2+ 20. Kxh2
Qxd5 21. Bb2 b5 22. Rd1 Qf5 23. e4 Qf4+ 24. Kg1 Rfe8 25. Qc3 f6 26. e5 Rcd8 27.
Re1 c4 28. exf6 Qxf6 29. Rxe8+ Rxe8 30. Qxf6 gxf6 31. Bxf6 a5 32. Bc3 b4 33.
axb4 axb4 34. Bxb4 Rb8 35. Bd2 Rb3 36. Ne1 c3 37. Bc1 Rb4 38. Kf1 Rd4 39. Ke2
Re4+ 40. Kd1 Kh7 41. f3 Re6 42. Nd3 Re8 43. Bf4 Re6 44. g4 Rf6 45. h4 Ra6 46.
Kc2 Ra2+ 47. Kxc3 Ra1 48. Kd4 Rd1 49. Ke3 Rh1 50. Bg5 Rf1 51. Kf4 Rd1 52. Ne5
Rd4+ 53. Kg3 Rd5 54. Bf4 Rd4 55. g5 Rd5 56. Ng4 Rd4 57. Be5 Ra4 58. Nf6+ Kg7
59. Ne4+ Kf7 60. Kf4 Ke6 61. Bf6 Kf7 62. Kg4 Rb4 63. h5 gxh5+ 64. Kxh5 Kg8 65.
g6 Rb1 66. Ng5 Rh1+ 67. Kg4 Rf1 68. f4 Rg1+ 69. Kf5 Rg2 70. Ne4 Rh2 71. Ng3 Rg2
72. Nh5 Rh2 73. Kg4 Rg2+ 74. Kf5 Rh2 75. Ng3 Rg2 76. Ne4 Re2 77. Bg5 Re1 78.
Nd6 Kg7 79. Ne8+ Kg8 80. Nf6+ Kg7 81. Ng4 Ra1 82. Bh6+ Kg8 83. Nf6+ Kh8 84. g7#
1-0

[Event "RUS Cup Qualifier 4"]
[Site "chessassistantclub.com INT"]
[Date "2004.11.25"]
[Round "?"]
[White "Kharlov, Andrei"]
[Black "Afromeev, Vladimir"]
[Result "1-0"]
[WhiteElo "2591"]
[BlackElo "2537"]
[PlyCount "67"]
[EventDate "2004.11.25"]
[EventType "swiss (blitz)"]
[EventRounds "13"]
[EventCountry "RUS"]
[SourceTitle "CBM 103 ext"]
[Source "ChessBase"]
[SourceDate "2005.01.01"]
[SourceVersion "1"]
[SourceVersionDate "2005.01.01"]
[SourceQuality "1"]

1. c4 e6 2. Nc3 d5 3. d4 c6 4. e3 Nf6 5. Nf3 Nbd7 6. Bd3 dxc4 7. Bxc4 b5 8. Bd3
a6 9. O-O c5 10. b3 Bb7 11. Bb2 Rc8 12. Rc1 Be7 13. Bb1 O-O 14. h3 Qb6 15. dxc5
Nxc5 16. Qe2 Rfd8 17. Rfd1 Nce4 18. Nxe4 Bxe4 19. Rxd8+ Qxd8 20. Rd1 Qe8 21.
Bxe4 Nxe4 22. Qd3 Nf6 23. Nd4 h6 24. Qe2 Rd8 25. Rc1 Rc8 26. Rc2 Nd5 27. Qd2
Bf6 28. Qc1 Rxc2 29. Qxc2 Qd7 30. a3 Ne7 31. g3 Nd5 32. Nf3 Ne7 33. Bxf6 g6 34.
Bxe7 1-0

[Event "RUS Cup Qualifier 4"]
[Site "chessassistantclub.com INT"]
[Date "2004.11.25"]
[Round "?"]
[White "Kharlov, Andrei"]
[Black "Klimenko, Sergey"]
[Result "1-0"]
[WhiteElo "2591"]
[BlackElo "2429"]
[PlyCount "85"]
[EventDate "2004.11.25"]
[EventType "swiss (blitz)"]
[EventRounds "13"]
[EventCountry "RUS"]
[SourceTitle "CBM 103 ext"]
[Source "ChessBase"]
[SourceDate "2005.01.01"]
[SourceVersion "1"]
[SourceVersionDate "2005.01.01"]
[SourceQuality "1"]

1. c4 e5 2. Nc3 Nc6 3. g3 Bc5 4. Bg2 d6 5. e3 Be6 6. Nd5 Qd7 7. Ne2 O-O-O 8. d4
Bxd5 9. cxd5 Bb4+ 10. Kf1 Nce7 11. a3 Ba5 12. b4 Bb6 13. a4 a6 14. Bb2 Nf6 15.
Qb3 h5 16. h3 Ng6 17. Kg1 e4 18. Kf1 Qf5 19. Nc3 Ne7 20. a5 Ba7 21. b5 Nexd5
22. Nxd5 Qxd5 23. Qxd5 Nxd5 24. bxa6 Nf6 25. axb7+ Kxb7 26. Ke2 d5 27. Rhc1 Rd6
28. Ke1 c6 29. Bf1 Ra8 30. Ba3 Rdd8 31. Bb4 Kc7 32. Bb5 Rdc8 33. Bxc6 Rab8 34.
Be7 Rb2 35. Kf1 h4 36. g4 Rcb8 37. g5 Nh5 38. Be8+ Kb7 39. Bxf7 Nf4 40. exf4
Bxd4 41. Bxd5+ Ka6 42. Rc6+ Ka7 43. Bc5+ 1-0

[Event "RUS Cup Qualifier 4"]
[Site "chessassistantclub.com INT"]
[Date "2004.11.25"]
[Round "?"]
[White "Kharlov, Andrei"]
[Black "Kodinets, Konstantin"]
[Result "1/2-1/2"]
[WhiteElo "2591"]
[BlackElo "2409"]
[PlyCount "125"]
[EventDate "2004.11.25"]
[EventType "swiss (blitz)"]
[EventRounds "13"]
[EventCountry "RUS"]
[SourceTitle "CBM 103 ext"]
[Source "ChessBase"]
[SourceDate "2005.01.01"]
[SourceVersion "1"]
[SourceVersionDate "2005.01.01"]
[SourceQuality "1"]

1. c4 c6 2. e4 e5 3. Nf3 d6 4. d4 Nd7 5. Nc3 Be7 6. g3 Ngf6 7. Bg2 O-O 8. O-O
a6 9. a4 a5 10. Re1 Ne8 11. Be3 Nc7 12. d5 Na6 13. Qc2 Ndc5 14. Rad1 Qc7 15. b3
h6 16. Qb1 Bg4 17. h3 Bh5 18. Rd2 Rad8 19. Nh2 Rfe8 20. Bf3 Bg6 21. Kg2 Bg5 22.
Nf1 Qb6 23. Bd1 Bxe3 24. Nxe3 Nb4 25. f3 Qc7 26. h4 Qe7 27. Na2 Nxa2 28. Qxa2
Qc7 29. Qb2 Qb6 30. Qc3 Rf8 31. Bc2 Rfe8 32. Red1 Qc7 33. Ng4 Na6 34. Bb1 Nc5
35. Nf2 Kf8 36. Bc2 Kg8 37. Nd3 Nxd3 38. Rxd3 c5 39. Re3 Ra8 40. Rde1 Qe7 41.
Qd2 Qf6 42. Qf2 Re7 43. Bd3 Rae8 44. Kh2 b6 45. Bf1 Bh7 46. Bh3 Bg6 47. Qc2 Bh7
48. Qd3 Bg6 49. Bf5 Kf8 50. Bxg6 fxg6 51. Rf1 Kg8 52. Qe2 Rf8 53. Kg2 Ref7 54.
Qe1 g5 55. hxg5 Qxg5 56. Rh1 h5 57. Qe2 g6 58. Rh4 Kg7 59. Qf2 Rf4 60. Rh3 R4f7
61. Rh4 Rf4 62. Rh3 R4f7 63. Rh4 1/2-1/2

[Event "RUS Cup Qualifier 4"]
[Site "chessassistantclub.com INT"]
[Date "2004.11.25"]
[Round "?"]
[White "Kharlov, Andrei"]
[Black "Ulko, Jaroslav"]
[Result "1-0"]
[WhiteElo "2591"]
[BlackElo "2481"]
[PlyCount "85"]
[EventDate "2004.11.25"]
[EventType "swiss (blitz)"]
[EventRounds "13"]
[EventCountry "RUS"]
[SourceTitle "CBM 103 ext"]
[Source "ChessBase"]
[SourceDate "2005.01.01"]
[SourceVersion "1"]
[SourceVersionDate "2005.01.01"]
[SourceQuality "1"]

1. e4 c5 2. c3 Nf6 3. e5 Nd5 4. d4 cxd4 5. Nf3 e6 6. cxd4 d6 7. Bd3 Nc6 8. exd6
Bxd6 9. O-O O-O 10. Nc3 h6 11. a3 Nxc3 12. bxc3 e5 13. Be4 exd4 14. cxd4 Bg4
15. h3 Bxf3 16. Bxf3 Nxd4 17. Bxb7 Rb8 18. Rb1 Bc7 19. Be3 Bb6 20. Ba6 Ne6 21.
Qf3 Bxe3 22. Qxe3 Qc7 23. Rbc1 Qb6 24. Bc4 Qxe3 25. fxe3 Rfc8 26. Bd5 Rxc1 27.
Rxc1 Rd8 28. e4 Rd6 29. Rc4 Ra6 30. a4 Ra5 31. Kf2 Nc5 32. Ke3 Kf8 33. Bc6 Ke7
34. Bb5 Ne6 35. Rc8 a6 36. Bc6 Nc5 37. Ra8 Nxa4 38. Ra7+ Kf8 39. Bd5 f5 40.
Rf7+ Ke8 41. Rxf5 Nb6 42. Bc6+ Ke7 43. Rxa5 1-0

[Event "RUS Cup Qualifier 4"]
[Site "chessassistantclub.com INT"]
[Date "2004.11.25"]
[Round "?"]
[White "Savchenko, Boris"]
[Black "Kharlov, Andrei"]
[Result "1-0"]
[WhiteElo "2488"]
[BlackElo "2591"]
[PlyCount "149"]
[EventDate "2004.11.25"]
[EventType "swiss (blitz)"]
[EventRounds "13"]
[EventCountry "RUS"]
[SourceTitle "CBM 103 ext"]
[Source "ChessBase"]
[SourceDate "2005.01.01"]
[SourceVersion "1"]
[SourceVersionDate "2005.01.01"]
[SourceQuality "1"]

1. e4 c5 2. Nf3 Nc6 3. Nc3 d6 4. d4 cxd4 5. Nxd4 Nf6 6. Bg5 e6 7. Qd2 Be7 8.
O-O-O Nxd4 9. Qxd4 O-O 10. Bc4 a6 11. f4 Qc7 12. e5 dxe5 13. fxe5 Rd8 14. Qf4
Rxd1+ 15. Rxd1 Ne8 16. Bd3 f5 17. exf6 Qxf4+ 18. Bxf4 Nxf6 19. Ne4 Nd5 20. Bd6
Bxd6 21. Nxd6 Nf6 22. Re1 Kf8 23. Nxc8 Rxc8 24. Rxe6 Rc7 25. Kd2 Kf7 26. Re5 g6
27. h3 Nd7 28. Rd5 Ke6 29. Rd4 Ne5 30. Be2 Rf7 31. Ke3 Rc7 32. c3 Nc6 33. Bg4+
Ke7 34. Re4+ Kf6 35. Re6+ Kf7 36. Rd6 Ke7 37. Rd5 h5 38. Bf3 Nd8 39. a4 Ne6 40.
a5 Nc5 41. Re5+ Kf6 42. Rd5 Ke6 43. Rd4 Ke7 44. b4 Na4 45. c4 b6 46. axb6 Nxb6
47. c5 Nd7 48. Rd6 a5 49. bxa5 Rxc5 50. Ra6 Ne5 51. Be2 Nc6 52. Bf3 Nxa5 53.
Rxg6 Kf7 54. Rh6 Kg7 55. Rxh5 Nc4+ 56. Kf4 Rxh5 57. Bxh5 Nd6 58. Bf3 Kh6 59. h4
Nf7 60. g4 Kg7 61. Bd5 Nd6 62. h5 Nb5 63. g5 Nd4 64. Ke5 Ne2 65. Be4 Ng3 66.
h6+ Kf7 67. g6+ Ke7 68. g7 Nxe4 69. Kxe4 Kf7 70. Kf5 Kg8 71. Kf6 Kh7 72. Kf7
Kxh6 73. g8=Q Kh5 74. Qg3 Kh6 75. Qh4# 1-0

[Event "RUS Cup Qualifier 4"]
[Site "chessassistantclub.com INT"]
[Date "2004.11.25"]
[Round "?"]
[White "Vlassov, Nikolai"]
[Black "Kharlov, Andrei"]
[Result "0-1"]
[WhiteElo "2466"]
[BlackElo "2591"]
[PlyCount "158"]
[EventDate "2004.11.25"]
[EventType "swiss (blitz)"]
[EventRounds "13"]
[EventCountry "RUS"]
[SourceTitle "CBM 103 ext"]
[Source "ChessBase"]
[SourceDate "2005.01.01"]
[SourceVersion "1"]
[SourceVersionDate "2005.01.01"]
[SourceQuality "1"]

1. e4 c5 2. c3 Nf6 3. e5 Nd5 4. d4 cxd4 5. cxd4 d6 6. Nf3 Nc6 7. Bc4 Nb6 8. Bb3
dxe5 9. d5 Na5 10. Nc3 f6 11. Be3 Nac4 12. Bxc4 Nxc4 13. Qa4+ Bd7 14. Qxc4 g6
15. Qh4 Bg7 16. Bh6 O-O 17. Bxg7 Kxg7 18. O-O Qb6 19. b3 Rac8 20. Rac1 Qa5 21.
Ne2 Qxd5 22. Rcd1 Qe6 23. h3 Rc2 24. Rfe1 Rc7 25. Nf4 Qf7 26. Nd5 Rc5 27. Ne3
Be6 28. Ng4 h5 29. Ne3 Rfc8 30. Qe4 b6 31. Qb1 a5 32. Rc1 Qe8 33. Rxc5 Rxc5 34.
Qe4 Qc6 35. Qxc6 Rxc6 36. Rd1 b5 37. Kf1 a4 38. bxa4 bxa4 39. Rd2 Rc1+ 40. Ke2
Ra1 41. Kd3 Bxa2 42. Kc3 Be6 43. Nc2 Rb1 44. Rd8 a3 45. Ra8 a2 46. Nd2 Rg1 47.
g3 Rc1 48. Kb2 Rd1 49. Ne4 Bd5 50. Ra4 Rb1+ 51. Kc3 Bxe4 52. Rxe4 a1=Q+ 53.
Nxa1 Rxa1 54. Re2 g5 55. Kd3 Rh1 56. Ke4 Rxh3 57. Kf5 Kf7 58. Ra2 Rh2 59. Ke4
Kg6 60. Kf3 e6 61. Ra8 Kf5 62. Rh8 e4+ 63. Ke3 e5 64. Rg8 h4 65. gxh4 Rxh4 66.
Rf8 Rh3+ 67. Ke2 Rh2 68. Rg8 Kf4 69. Ra8 f5 70. Kf1 e3 71. fxe3+ Kxe3 72. Kg1
Rd2 73. Ra3+ Kf4 74. Kh1 e4 75. Ra1 e3 76. Rf1+ Ke4 77. Re1 f4 78. Rg1 e2 79.
Re1 Rd1 0-1

[Event "RUS Cup Qualifier 4"]
[Site "chessassistantclub.com INT"]
[Date "2004.11.25"]
[Round "2"]
[White "Riazantsev, Alexander"]
[Black "Kharlov, Andrei"]
[Result "1/2-1/2"]
[WhiteElo "2596"]
[BlackElo "2613"]
[PlyCount "58"]
[EventDate "2004.11.25"]
[EventType "swiss (blitz)"]
[EventRounds "13"]
[EventCountry "RUS"]
[SourceTitle "CBM 103 ext"]
[Source "ChessBase"]
[SourceDate "2005.01.01"]
[SourceVersion "1"]
[SourceVersionDate "2005.01.01"]
[SourceQuality "1"]

1. d4 d5 2. c4 e6 3. Nc3 Nf6 4. Bg5 Be7 5. e3 h6 6. Bh4 O-O 7. Nf3 Ne4 8. Bxe7
Qxe7 9. Qc2 Nxc3 10. Qxc3 c6 11. Be2 Nd7 12. O-O Re8 13. Rfd1 dxc4 14. Bxc4 c5
15. Rac1 cxd4 16. Qxd4 Nf6 17. Ne5 Nd5 18. e4 Nb6 19. Bb5 Rf8 20. g3 Kh7 21. h4
f6 22. Nd3 e5 23. Qc5 Qxc5 24. Nxc5 Bg4 25. Re1 Rab8 26. Kg2 a6 27. Bf1 Nd7 28.
Nxd7 Bxd7 29. Rc7 Be6 1/2-1/2

[Event "RUS Cup Qualifier 4"]
[Site "chessassistantclub.com INT"]
[Date "2004.11.25"]
[Round "8"]
[White "Kharlov, Andrei"]
[Black "Grebenkin, Vladimir"]
[Result "1/2-1/2"]
[WhiteElo "2613"]
[BlackElo "2421"]
[PlyCount "118"]
[EventDate "2004.11.25"]
[EventType "swiss (blitz)"]
[EventRounds "13"]
[EventCountry "RUS"]
[SourceTitle "CBM 103 ext"]
[Source "ChessBase"]
[SourceDate "2005.01.01"]
[SourceVersion "1"]
[SourceVersionDate "2005.01.01"]
[SourceQuality "1"]

1. e4 c5 2. c3 Nf6 3. d3 Nc6 4. f4 e6 5. Nf3 d6 6. g3 Be7 7. Bg2 O-O 8. O-O Rb8
9. a4 a6 10. h3 b5 11. g4 Nd7 12. axb5 axb5 13. Nbd2 Bb7 14. f5 Nce5 15. Nxe5
Nxe5 16. Nf3 Nxf3+ 17. Qxf3 Ra8 18. Rxa8 Bxa8 19. Bf4 e5 20. Be3 Bg5 21. Ra1
Bc6 22. Ra6 Bxe3+ 23. Qxe3 Qc8 24. Ra5 f6 25. Qc1 Qb7 26. Qa1 Ra8 27. b4 h6 28.
Kf2 Kh7 29. Bf3 cxb4 30. cxb4 Rxa5 31. Qxa5 d5 32. Qd8 dxe4 33. dxe4 Bxe4 34.
Bxe4 Qxe4 35. Qe8 Qd4+ 36. Kg2 Qxb4 37. Qg6+ Kg8 38. Qe8+ Qf8 39. Qxb5 h5 40.
Qd5+ Qf7 41. Qd8+ Kh7 42. Qc8 Qd5+ 43. Kg3 Qd3+ 44. Kg2 Qe4+ 45. Kg3 Qf4+ 46.
Kh4 Qg5+ 47. Kg3 h4+ 48. Kf3 Qf4+ 49. Ke2 e4 50. Qe8 Qf3+ 51. Ke1 Qc3+ 52. Ke2
Qd3+ 53. Ke1 Qe3+ 54. Kf1 Qg5 55. Ke2 Qf4 56. Qh5+ Kg8 57. Qe8+ Kh7 58. Qh5+
Kg8 59. Qe8+ Kh7 1/2-1/2

[Event "RUS Cup Qualifier 4"]
[Site "chessassistantclub.com INT"]
[Date "2004.11.25"]
[Round "9"]
[White "Rustemov, Alexander"]
[Black "Kharlov, Andrei"]
[Result "1/2-1/2"]
[WhiteElo "2602"]
[BlackElo "2613"]
[PlyCount "62"]
[EventDate "2004.11.25"]
[EventType "swiss (blitz)"]
[EventRounds "13"]
[EventCountry "RUS"]
[SourceTitle "CBM 103 ext"]
[Source "ChessBase"]
[SourceDate "2005.01.01"]
[SourceVersion "1"]
[SourceVersionDate "2005.01.01"]
[SourceQuality "1"]

1. d4 d5 2. c4 e6 3. Nf3 Nf6 4. e3 c5 5. Nc3 a6 6. cxd5 exd5 7. Be2 Nc6 8. O-O
Bd6 9. dxc5 Bxc5 10. b3 O-O 11. Bb2 Ba7 12. Na4 Ne4 13. Nd4 Bd7 14. Rc1 Rc8 15.
Nxc6 Bxc6 16. Nc3 Re8 17. Bg4 Ra8 18. Ne2 Bb5 19. Bd4 Bb8 20. a4 Bd7 21. Bxd7
Qxd7 22. Qd3 Re6 23. f3 Nf6 24. Rfd1 Be5 25. Nf4 Bxf4 26. exf4 h6 27. f5 Rc6
28. Bxf6 Rxc1 29. Rxc1 gxf6 30. Rd1 Rd8 31. h3 d4 1/2-1/2

[Event "RUS Cup Qualifier 4"]
[Site "chessassistantclub.com INT"]
[Date "2004.11.25"]
[Round "10"]
[White "Kharlov, Andrei"]
[Black "Maslak, Konstantin"]
[Result "0-1"]
[WhiteElo "2613"]
[BlackElo "2473"]
[PlyCount "112"]
[EventDate "2004.11.25"]
[EventType "swiss (blitz)"]
[EventRounds "13"]
[EventCountry "RUS"]
[SourceTitle "CBM 103 ext"]
[Source "ChessBase"]
[SourceDate "2005.01.01"]
[SourceVersion "1"]
[SourceVersionDate "2005.01.01"]
[SourceQuality "1"]

1. e4 d5 2. exd5 Nf6 3. c4 e6 4. Nc3 exd5 5. d4 Be7 6. Nf3 O-O 7. Be2 dxc4 8.
Bxc4 Nbd7 9. O-O Nb6 10. Bb3 Nbd5 11. Ne5 Be6 12. Qf3 c6 13. Re1 Nc7 14. Be3
Bxb3 15. axb3 Ne6 16. Rad1 Nd5 17. Nxd5 Qxd5 18. Qxd5 cxd5 19. Rc1 Rfc8 20. Kf1
f6 21. Nd3 Kf7 22. Nf4 Nxf4 23. Bxf4 Bb4 24. Red1 Ke6 25. Ke2 Kd7 26. Kd3 Rc6
27. Rxc6 bxc6 28. Ra1 a5 29. Bd2 Rb8 30. Bxb4 Rxb4 31. Kc3 Rb5 32. g3 Kd6 33.
h4 c5 34. dxc5+ Rxc5+ 35. Kd3 Rb5 36. Kc3 h5 37. Re1 Rc5+ 38. Kd3 Rb5 39. Kc3
Rb8 40. Re3 Rc8+ 41. Kd2 g6 42. Rf3 f5 43. Re3 d4 44. Re1 Rb8 45. Kc2 Kd5 46.
Re7 Rb6 47. f4 Re6 48. Ra7 Re2+ 49. Kd3 Re3+ 50. Kd2 Rxg3 51. Rxa5+ Ke4 52. Ra3
Rg2+ 53. Kc1 Ke3 54. b4+ d3 55. b3 Rg1+ 56. Kb2 d2 0-1

[Event "RUS Cup Qualifier 4"]
[Site "chessassistantclub.com INT"]
[Date "2004.11.25"]
[Round "11"]
[White "Kharlov, Andrei"]
[Black "Kurnosov, Igor"]
[Result "1-0"]
[WhiteElo "2613"]
[BlackElo "2533"]
[PlyCount "87"]
[EventDate "2004.11.25"]
[EventType "swiss (blitz)"]
[EventRounds "13"]
[EventCountry "RUS"]
[SourceTitle "CBM 103 ext"]
[Source "ChessBase"]
[SourceDate "2005.01.01"]
[SourceVersion "1"]
[SourceVersionDate "2005.01.01"]
[SourceQuality "1"]

1. e4 c5 2. c3 Nf6 3. e5 Nd5 4. d4 cxd4 5. Nf3 Nc6 6. Bc4 Nb6 7. Bb3 d5 8. exd6
Qxd6 9. O-O Be6 10. Bxe6 Qxe6 11. Nxd4 Nxd4 12. cxd4 Rd8 13. Nc3 g6 14. Re1 Qd7
15. Bg5 Qxd4 16. Qxd4 Rxd4 17. Bf6 Rf4 18. Bxh8 f6 19. Rad1 Kf7 20. Nd5 Nxd5
21. Rxd5 Rb4 22. b3 Rb6 23. Rd8 Ra6 24. Re2 Rc6 25. g3 h5 26. Kg2 g5 27. Ra8 a6
28. Rd2 Bh6 29. Rd7 b5 30. h3 g4 31. hxg4 hxg4 32. Raa7 Re6 33. Kf1 Bf8 34. Ra8
Re5 35. Rd4 Rh5 36. Bxf6 exf6 37. Rxg4 Rh1+ 38. Kg2 Rc1 39. Rxa6 Rc2 40. Rf4
Be7 41. a4 b4 42. Ra7 Kf8 43. Rxe7 Kxe7 44. Rxb4 1-0

[Event "RUS Cup Qualifier 5"]
[Site "chessassistantclub.com INT"]
[Date "2004.12.24"]
[Round "?"]
[White "Bocharov, Dmitry"]
[Black "Kharlov, Andrei"]
[Result "1-0"]
[WhiteElo "2569"]
[BlackElo "2604"]
[PlyCount "105"]
[EventDate "2004.12.24"]
[EventType "swiss (blitz)"]
[EventRounds "13"]
[EventCountry "RUS"]
[SourceTitle "CBM 104 ext"]
[Source "ChessBase"]
[SourceDate "2005.03.01"]
[SourceVersion "1"]
[SourceVersionDate "2005.03.01"]
[SourceQuality "1"]

1. d4 Nf6 2. Nf3 d5 3. c4 e6 4. Nc3 dxc4 5. e3 a6 6. a4 c5 7. Bxc4 Nc6 8. O-O
Be7 9. Qe2 cxd4 10. Rd1 e5 11. exd4 exd4 12. Nxd4 Nxd4 13. Qe5 Qd6 14. Qxd6
Bxd6 15. Rxd4 Be5 16. Rd1 O-O 17. h3 Be6 18. Bxe6 fxe6 19. Be3 Rfd8 20. Kf1
Rxd1+ 21. Rxd1 Rc8 22. Bd4 Bxd4 23. Rxd4 Kf7 24. Ke2 Ke7 25. Rb4 Rc7 26. Kd3
Nd7 27. Kd4 Nb8 28. Ke3 Nd7 29. Ne4 Nf6 30. Nc3 Nd7 31. Rg4 g6 32. Rh4 Nf6 33.
Rd4 Rc5 34. g4 g5 35. Rb4 Rc7 36. f4 h6 37. Rd4 Rc5 38. Rb4 Rc7 39. a5 Kd6 40.
Rb6+ Ke7 41. fxg5 Rxc3+ 42. bxc3 Nd5+ 43. Kd4 Nxb6 44. gxh6 e5+ 45. Kxe5 Nd7+
46. Kf5 Kf7 47. g5 b6 48. g6+ Kg8 49. axb6 a5 50. Ke6 Nxb6 51. h7+ Kg7 52.
h8=Q+ Kxh8 53. Kf7 1-0

[Event "RUS Cup Qualifier 5"]
[Site "chessassistantclub.com INT"]
[Date "2004.12.24"]
[Round "?"]
[White "Kharlov, Andrei"]
[Black "Afromeev, Vladimir"]
[Result "1-0"]
[WhiteElo "2604"]
[BlackElo "2547"]
[PlyCount "79"]
[EventDate "2004.12.24"]
[EventType "swiss (blitz)"]
[EventRounds "13"]
[EventCountry "RUS"]
[SourceTitle "CBM 104 ext"]
[Source "ChessBase"]
[SourceDate "2005.03.01"]
[SourceVersion "1"]
[SourceVersionDate "2005.03.01"]
[SourceQuality "1"]

1. d4 d5 2. Nf3 e6 3. Bg5 Be7 4. Bxe7 Nxe7 5. e3 b6 6. c4 O-O 7. Nc3 Bb7 8.
cxd5 Nxd5 9. Be2 Nxc3 10. bxc3 Nd7 11. O-O c5 12. a4 Rc8 13. a5 c4 14. axb6
axb6 15. Qb1 Bc6 16. Nd2 b5 17. Bf3 Qc7 18. Qb4 e5 19. d5 Ba8 20. Qxb5 f5 21.
Rxa8 Rxa8 22. d6 Qxd6 23. Bxa8 Rxa8 24. Nxc4 Qe6 25. Rd1 Nf6 26. h3 e4 27. Ne5
Rc8 28. c4 h6 29. Rd4 Kh7 30. Kh2 Re8 31. Nd7 Nxd7 32. Rxd7 Rc8 33. Rd5 Kg6 34.
g3 Kf6 35. Kg2 h5 36. h4 g6 37. Qb2+ Kf7 38. Qd4 Rc7 39. c5 Qe7 40. Rd6 1-0

[Event "RUS Cup Qualifier 5"]
[Site "chessassistantclub.com INT"]
[Date "2004.12.24"]
[Round "?"]
[White "Kharlov, Andrei"]
[Black "Gabrielian, Artur"]
[Result "1-0"]
[WhiteElo "2604"]
[BlackElo "2456"]
[PlyCount "87"]
[EventDate "2004.12.24"]
[EventType "swiss (blitz)"]
[EventRounds "13"]
[EventCountry "RUS"]
[SourceTitle "CBM 104 ext"]
[Source "ChessBase"]
[SourceDate "2005.03.01"]
[SourceVersion "1"]
[SourceVersionDate "2005.03.01"]
[SourceQuality "1"]

1. e4 e5 2. Nf3 Nc6 3. c3 d5 4. Qa4 Nf6 5. Nxe5 Bd6 6. Nxc6 bxc6 7. d3 O-O 8.
Be2 Re8 9. O-O dxe4 10. dxe4 Rxe4 11. Qd1 Rh4 12. g3 Re4 13. Bf3 Re8 14. Nd2
Bh3 15. Bg2 Bg4 16. Nf3 Qd7 17. Be3 Nd5 18. Bd2 Qf5 19. Nd4 Qg6 20. Qa4 Nb6 21.
Qxc6 Rad8 22. Rae1 Bd7 23. Qf3 Nc4 24. Bc1 Ne5 25. Qb7 h5 26. Qxa7 h4 27. Qb7
hxg3 28. hxg3 Qh5 29. Nf3 Bc6 30. Rxe5 Bxe5 31. Qxc6 Bd6 32. Nd4 Qg4 33. Qf3
Qg6 34. Qf5 Qxf5 35. Nxf5 Bc5 36. b4 Bb6 37. a4 Re2 38. a5 Ba7 39. Be3 Bxe3 40.
Nxe3 Ra2 41. Nd5 c6 42. Ne7+ Kf8 43. Nxc6 Rdd2 44. b5 1-0

[Event "RUS Cup Qualifier 5"]
[Site "chessassistantclub.com INT"]
[Date "2004.12.24"]
[Round "?"]
[White "Kharlov, Andrei"]
[Black "Shipov, Sergei"]
[Result "0-1"]
[WhiteElo "2604"]
[BlackElo "2588"]
[PlyCount "68"]
[EventDate "2004.12.24"]
[EventType "swiss (blitz)"]
[EventRounds "13"]
[EventCountry "RUS"]
[SourceTitle "CBM 104 ext"]
[Source "ChessBase"]
[SourceDate "2005.03.01"]
[SourceVersion "1"]
[SourceVersionDate "2005.03.01"]
[SourceQuality "1"]

1. e4 c5 2. c3 d5 3. exd5 Qxd5 4. d4 Nf6 5. Nf3 Bg4 6. Be2 e6 7. h3 Bh5 8. Be3
cxd4 9. cxd4 Nc6 10. Nc3 Qd6 11. O-O Be7 12. Qb3 O-O 13. Rfd1 Rfd8 14. Rac1 a6
15. a3 b5 16. a4 b4 17. Na2 Na5 18. Qd3 Bg6 19. Qd2 Nb3 20. Qe1 Nxc1 21. Rxc1
Be4 22. Ne5 Bd5 23. Ra1 Rac8 24. Nc1 a5 25. Ncd3 h6 26. Nc5 Ne4 27. Nc4 Bxc4
28. Bxc4 Nxc5 29. dxc5 Qe5 30. Ba6 Rc7 31. Rc1 Bxc5 32. Bxc5 Qxe1+ 33. Rxe1
Rxc5 34. Bb5 Rd2 0-1

[Event "RUS Cup Qualifier 5"]
[Site "chessassistantclub.com INT"]
[Date "2004.12.24"]
[Round "?"]
[White "Kharlov, Andrei"]
[Black "Starosek, Konstantin"]
[Result "1-0"]
[WhiteElo "2604"]
[BlackElo "2488"]
[PlyCount "123"]
[EventDate "2004.12.24"]
[EventType "swiss (blitz)"]
[EventRounds "13"]
[EventCountry "RUS"]
[SourceTitle "CBM 104 ext"]
[Source "ChessBase"]
[SourceDate "2005.03.01"]
[SourceVersion "1"]
[SourceVersionDate "2005.03.01"]
[SourceQuality "1"]

1. e4 g6 2. d4 Bg7 3. c3 b6 4. Nf3 Bb7 5. Bd3 e6 6. O-O Ne7 7. Re1 d6 8. Bg5 h6
9. Be3 O-O 10. Qc1 Kh7 11. Nbd2 Nd7 12. Nf1 e5 13. Ng3 f5 14. exf5 gxf5 15. Nh4
e4 16. Bc2 d5 17. Nh5 Ng8 18. Nxg7 Qxh4 19. Ne6 Rf6 20. g3 Qh3 21. Nxc7 a6 22.
Bb3 Ne7 23. Nxa8 Bxa8 24. Re2 Ng6 25. Qf1 Qh5 26. Bd1 f4 27. Re1 Qg5 28. Bc1
Bb7 29. Qh3 Ndf8 30. Kf1 Bc6 31. Qh5 Bb5+ 32. Kg1 fxg3 33. hxg3 Qxh5 34. Bxh5
Ne7 35. Bf4 Ne6 36. Be5 Rf8 37. Be2 Nc6 38. a4 Bxe2 39. Rxe2 Ng5 40. Kg2 Nf3
41. Bf4 a5 42. Rh1 Rf6 43. Rh5 Ne7 44. Bc7 Nf5 45. Be5 Rf7 46. Bf4 Kg6 47. Rh1
h5 48. Rc2 h4 49. Rcc1 Kf6 50. Kf1 Ke6 51. Ke2 Rg7 52. gxh4 N5xh4 53. Bg3 Nf5
54. Rh3 Rg6 55. Rch1 Kd7 56. Rh7+ Ke6 57. Rb7 Rxg3 58. Rxb6+ Kd7 59. Rh7+ Rg7
60. Rb7+ Kc6 61. Rhxg7 Nxg7 62. Rxg7 1-0

[Event "RUS Cup Qualifier 5"]
[Site "chessassistantclub.com INT"]
[Date "2004.12.24"]
[Round "?"]
[White "Kharlov, Andrei"]
[Black "Tunik, Gennady"]
[Result "0-1"]
[WhiteElo "2604"]
[BlackElo "2505"]
[PlyCount "74"]
[EventDate "2004.12.24"]
[EventType "swiss (blitz)"]
[EventRounds "13"]
[EventCountry "RUS"]
[SourceTitle "CBM 104 ext"]
[Source "ChessBase"]
[SourceDate "2005.03.01"]
[SourceVersion "1"]
[SourceVersionDate "2005.03.01"]
[SourceQuality "1"]

1. e4 e6 2. d4 d5 3. Nc3 Bb4 4. Nge2 dxe4 5. a3 Bxc3+ 6. Nxc3 Nc6 7. d5 exd5 8.
Qxd5 Nge7 9. Qxd8+ Nxd8 10. Nxe4 Bf5 11. Bd3 Ne6 12. Bd2 O-O-O 13. O-O-O Rhe8
14. Rhe1 Bg6 15. f3 Nd5 16. g3 h6 17. Bf1 Nd4 18. Bg2 f5 19. Nc3 Nxc3 20. Bxc3
Ne2+ 21. Kb1 Nxc3+ 22. bxc3 Rxd1+ 23. Rxd1 Re2 24. Bf1 Rxh2 25. f4 Rh1 26. Kc1
Bh5 27. Re1 Be2 28. Rxe2 Rxf1+ 29. Kd2 Rf3 30. Rg2 h5 31. a4 Kd7 32. Rg1 Ke6
33. Rg2 Kf6 34. Rg1 g6 35. c4 h4 36. gxh4 Rxf4 37. Rh1 Rxc4 0-1